[Event "SC-2014-0-00233"]
[Site "LSS email"]
[Date "2014.07.26"]
[Round "?"]
[White "Perez, Alberto F"]
[Black "Moreira, Carlos Alberto Lima"]
[Result "1/2-1/2"]
[WhiteElo "1845"]
[BlackElo "1677"]
[PlyCount "93"]
[EventDate "2014.06.15"]
[EventType "tourn (corr)"]
[EventRounds "6"]
[EventCountry "GER"]
[SourceTitle "Corr 2015"]
[Source "ChessBase"]
[SourceDate "2015.07.17"]
[SourceVersion "1"]
[SourceVersionDate "2015.07.17"]
[SourceQuality "1"]

1. d4 Nf6 2. Nf3 d5 3. Bf4 c6 4. e3 Bg4 5. h3 Bxf3 6. Qxf3 e6 7. Nd2 Bd6 8. g4 Bxf4 9. Qxf4 Qe7 10. g5 Nh5 11. Qh2 h6 12. h4 Nd7 13. Be2 hxg5 14. hxg5 Qxg5 15. Qc7 Rb8 16. 0-0-0 g6 17. Qa5 a6 18. Kb1 Qd8 19. Qa4 Ndf6 20. c3 a5 21. c4 Ra8 22. Qc2 a4 23. a3 Qa5 24. cxd5 cxd5 25. Rc1 Ke7 26. Qc7+ Nd7 27. Nf3 Rhb8 28. Ne5 Nhf6 29. f3 Qxc7 30. Rxc7 Kd6 31. Rhc1 Nxe5 32. dxe5+ Kxe5 33. Rxf7 Ne8 34. Bd3 g5 35. f4+ gxf4 36. exf4+ Kd4 37. Bg6 Rc8 38. Re1 Nd6 39. Rd7 Rd8 40. Re7 Rf8 41. R7xe6 Rad8 42. f5 Nxf5 43. Rd1+ Kc5 44. Rc1+ Kb5 45. Re5 Nd4 46. Be4 Ka6 47. Bxd5 1/2-1/2

[Event "SC-2014-0-00233"]
[Site "LSS email"]
[Date "2014.07.26"]
[Round "?"]
[White "Souply, Yves"]
[Black "Moreira, Carlos Alberto Lima"]
[Result "1-0"]
[WhiteElo "1525"]
[BlackElo "1677"]
[PlyCount "67"]
[EventDate "2014.06.15"]
[EventType "tourn (corr)"]
[EventRounds "6"]
[EventCountry "GER"]
[SourceTitle "Corr 2015"]
[Source "ChessBase"]
[SourceDate "2015.07.17"]
[SourceVersion "1"]
[SourceVersionDate "2015.07.17"]
[SourceQuality "1"]

1. e4 Nf6 2. e5 Nd5 3. d4 d6 4. Nf3 Bg4 5. Be2 e6 6. 0-0 Be7 7. c4 Nb6 8. Nc3 0-0 9. Be3 Nc6 10. exd6 cxd6 11. d5 Bxf3 12. Bxf3 Ne5 13. b3 Nxf3+ 14. Qxf3 e5 15. Qh3 f5 16. f4 Bf6 17. Rae1 g6 18. Kh1 e4 19. Nb5 a6 20. Nd4 Bxd4 21. Bxd4 Nd7 22. g4 fxg4 23. Qxg4 Rf5 24. Rg1 Qf8 25. Rxe4 Nc5 26. Bxc5 dxc5 27. Rge1 b5 28. Re7 Rxf4 29. Qe6+ Kh8 30. Qh3 Rf7 31. d6 bxc4 32. Kg1 h5 33. Qe6 Rf5 34. Qe3 1-0

[Event "RC-2014-0-00154"]
[Site "LSS email"]
[Date "2014.07.23"]
[Round "?"]
[White "Brayman, Neal Zvi"]
[Black "Moreira, Carlos Alberto Lima"]
[Result "1/2-1/2"]
[WhiteElo "1719"]
[BlackElo "1668"]
[PlyCount "43"]
[EventDate "2014.05.28"]
[EventType "tourn (corr)"]
[EventRounds "6"]
[EventCountry "GER"]
[SourceTitle "Corr 2015"]
[Source "ChessBase"]
[SourceDate "2015.07.17"]
[SourceVersion "1"]
[SourceVersionDate "2015.07.17"]
[SourceQuality "1"]

1. e4 e5 2. Nf3 Nc6 3. Bb5 Nf6 4. 0-0 Nxe4 5. d4 Nd6 6. Bxc6 dxc6 7. dxe5 Nf5 8. Qxd8+ Kxd8 9. Nc3 Ke8 10. h3 h5 11. Bg5 Be6 12. a3 Be7 13. Rad1 Bxg5 14. Nxg5 Ke7 15. Rd2 Rhd8 16. Rfd1 Rxd2 17. Rxd2 a5 18. g3 a4 19. Kg2 Ra5 20. g4 hxg4 21. hxg4 Nh6 22. Nxe6 1/2-1/2

[Event "RC-2014-0-00154"]
[Site "LSS email"]
[Date "2014.07.23"]
[Round "?"]
[White "Habes, Jiri"]
[Black "Moreira, Carlos Alberto Lima"]
[Result "1-0"]
[WhiteElo "1717"]
[BlackElo "1668"]
[PlyCount "145"]
[EventDate "2014.05.28"]
[EventType "tourn (corr)"]
[EventRounds "6"]
[EventCountry "GER"]
[SourceTitle "Corr 2015"]
[Source "ChessBase"]
[SourceDate "2015.07.17"]
[SourceVersion "1"]
[SourceVersionDate "2015.07.17"]
[SourceQuality "1"]

1. d4 Nf6 2. c4 e6 3. Nc3 Bb4 4. Nf3 d5 5. e3 0-0 6. Bd2 b6 7. cxd5 exd5 8. Bd3 Bb7 9. 0-0 Nbd7 10. a3 Be7 11. b4 c5 12. bxc5 bxc5 13. Ne5 Rb8 14. Rb1 c4 15. Bc2 Bxa3 16. f4 a6 17. Bf5 Nb6 18. Be1 Qc7 19. Bh4 Be7 20. Qc2 h6 21. Qa2 Rfe8 22. Qa5 Bd8 23. Qc5 Ba8 24. Ra1 Nc8 25. Rxa6 Qxc5 26. dxc5 Bb7 27. Ra2 Ne7 28. Bc2 Bc8 29. Rd1 Ng4 30. Ba4 Rf8 31. Bxe7 Bxe7 32. Nc6 Bxc5 33. Nxb8 Bxe3+ 34. Kf1 Bxf4 35. Nc6 Ne3+ 36. Kf2 Nxd1+ 37. Bxd1 Bd6 38. Bf3 Bc5+ 39. Kf1 Be6 40. Bxd5 Rc8 41. Ra6 Bxd5 42. Nxd5 Kh7 43. h3 f6 44. Ke2 Re8+ 45. Kd2 Re4 46. Ncb4 Bd4 47. Rc6 Be5 48. Nc2 f5 49. Kd1 Bg3 50. Nde3 Rf4 51. Rxc4 Rxc4 52. Nxc4 g5 53. Nd4 Kg6 54. Ke2 g4 55. Ne3 gxh3 56. gxh3 f4 57. Nef5 f3+ 58. Kxf3 Be1 59. Ke4 Ba5 60. Ne7+ Kf7 61. Nd5 Kg6 62. Nf4+ Kf6 63. h4 Bd2 64. Nd5+ Kg6 65. Nf3 Bc1 66. Nf4+ Kf6 67. Nh2 Kg7 68. Ng4 Kh7 69. h5 Kg7 70. Ne6+ Kf7 71. Kd5 Ke7 72. Nd4 Kf7 73. Nf5 1-0

[Event "RC-2014-0-00154"]
[Site "LSS email"]
[Date "2014.07.23"]
[Round "?"]
[White "Moreira, Carlos Alberto Lima"]
[Black "Zabransky, Frantisek"]
[Result "0-1"]
[WhiteElo "1668"]
[BlackElo "1913"]
[PlyCount "86"]
[EventDate "2014.05.28"]
[EventType "tourn (corr)"]
[EventRounds "6"]
[EventCountry "GER"]
[SourceTitle "Corr 2015"]
[Source "ChessBase"]
[SourceDate "2015.07.17"]
[SourceVersion "1"]
[SourceVersionDate "2015.07.17"]
[SourceQuality "1"]

1. e4 c6 2. d4 d5 3. e5 Bf5 4. h4 h5 5. Bd3 Bxd3 6. Qxd3 e6 7. Bg5 Qb6 8. Nd2 c5 9. Ngf3 c4 10. Qc3 Bb4 11. Qe3 Bxd2+ 12. Qxd2 Qxb2 13. 0-0 Qa3 14. c3 Nc6 15. Ne1 Nge7 16. Nc2 Qa4 17. Rfb1 b6 18. Ne3 Rb8 19. a3 Na5 20. Ra2 Nb3 21. Qd1 Rc8 22. Qf3 Nc6 23. Nf1 b5 24. Ng3 b4 25. Nxh5 Rh7 26. Ng3 Kf8 27. Nf5 Kg8 28. Nd6 Rf8 29. cxb4 Nxb4 30. Be7 Nxa2 31. Bxf8 Qd7 32. Bxg7 Rxg7 33. Rxb3 cxb3 34. Qxb3 Qd8 35. Qxa2 Qxh4 36. Ne8 Rg6 37. Nf6+ Kg7 38. Qd2 Rh6 39. f3 Rh8 40. Nd7 a5 41. Kf1 Qg3 42. Kg1 Rh2 43. Nf6 Qh4 0-1

[Event "SC-2014-0-00226"]
[Site "LSS email"]
[Date "2014.05.25"]
[Round "?"]
[White "Moreira, Carlos Alberto Lima"]
[Black "Gazen, Louis"]
[Result "1/2-1/2"]
[WhiteElo "1668"]
[BlackElo "1800"]
[PlyCount "78"]
[EventDate "2014.04.27"]
[EventType "tourn (corr)"]
[EventRounds "6"]
[EventCountry "GER"]
[SourceTitle "Corr 2015"]
[Source "ChessBase"]
[SourceDate "2015.07.17"]
[SourceVersion "1"]
[SourceVersionDate "2015.07.17"]
[SourceQuality "1"]

1. d4 Nf6 2. c4 e6 3. Nf3 c5 4. d5 b5 5. Bg5 exd5 6. cxd5 h6 7. Bxf6 Qxf6 8. Qc2 d6 9. e4 a6 10. a4 b4 11. Nbd2 Be7 12. Nc4 0-0 13. Bd3 a5 14. 0-0 Nd7 15. Rfe1 Ba6 16. e5 Nxe5 17. Ncxe5 dxe5 18. Nxe5 Bd6 19. Ng4 Qg5 20. Bxa6 Rxa6 21. Ne3 Be5 22. Re2 Bd4 23. Nf5 Rf6 24. Ne7+ Kh8 25. Rf1 g6 26. g3 Rd6 27. Kg2 Qg4 28. Re4 Qd7 29. Rfe1 Kg7 30. h3 f5 31. R4e2 Rf7 32. f4 Bf6 33. Nc6 Rxd5 34. Nxa5 h5 35. h4 c4 36. Nxc4 Qb7 37. Kh3 b3 38. Qb1 Rc7 39. Ne3 Rd4 1/2-1/2

[Event "SC-2014-0-00223"]
[Site "LSS email"]
[Date "2014.05.09"]
[Round "?"]
[White "Moreira, Carlos Alberto Lima"]
[Black "Hammerschmidt, Volker"]
[Result "1/2-1/2"]
[WhiteElo "1668"]
[BlackElo "1854"]
[PlyCount "101"]
[EventDate "2014.03.12"]
[EventType "tourn (corr)"]
[EventRounds "6"]
[EventCountry "GER"]
[SourceTitle "Corr 2015"]
[Source "ChessBase"]
[SourceDate "2015.07.17"]
[SourceVersion "1"]
[SourceVersionDate "2015.07.17"]
[SourceQuality "1"]

1. e4 e5 2. Nf3 Nc6 3. Bb5 a6 4. Ba4 Nf6 5. 0-0 Be7 6. Re1 b5 7. Bb3 0-0 8. a4 b4 9. d4 d6 10. dxe5 dxe5 11. Qxd8 Rxd8 12. Nbd2 Bc5 13. Bc4 Ng4 14. Re2 Na5 15. Bd5 Rb8 16. h3 Nf6 17. Ba2 Re8 18. Nc4 Nc6 19. Be3 Bxe3 20. Rxe3 Be6 21. Ng5 Nd7 22. Nxe6 fxe6 23. a5 Nc5 24. Kh2 Rf8 25. Kg3 g6 26. h4 Rbd8 27. Bb3 Rd4 28. Rae1 Rfd8 29. f3 Kg7 30. Kf2 h6 31. g4 Kf6 32. Rg1 Ke7 33. g5 h5 34. Ba2 Rb8 35. Ra1 Rd7 36. Bb3 Nxb3 37. cxb3 Rb5 38. Kg3 Rc5 39. Kf2 Rd8 40. Kg3 Kf7 41. Kf2 Ke8 42. Kg3 Nd4 43. Rc1 Rd7 44. Kf2 Nc6 45. Ra1 Ke7 46. Kg3 Kd8 47. Kf2 Kc8 48. Ke1 Nd4 49. Rc1 Kb7 50. Kf2 Nc6 51. Ra1 1/2-1/2

[Event "SC-2014-0-00223"]
[Site "LSS email"]
[Date "2014.05.09"]
[Round "?"]
[White "Perez, Alberto F"]
[Black "Moreira, Carlos Alberto Lima"]
[Result "1-0"]
[WhiteElo "1816"]
[BlackElo "1668"]
[PlyCount "151"]
[EventDate "2014.03.12"]
[EventType "tourn (corr)"]
[EventRounds "6"]
[EventCountry "GER"]
[SourceTitle "Corr 2015"]
[Source "ChessBase"]
[SourceDate "2015.07.17"]
[SourceVersion "1"]
[SourceVersionDate "2015.07.17"]
[SourceQuality "1"]

1. e4 c5 2. Nf3 d6 3. d4 cxd4 4. Nxd4 Nf6 5. Nc3 a6 6. Be3 Ng4 7. Bg5 h6 8. Bh4 g5 9. Bg3 Bg7 10. Be2 h5 11. Bxg4 hxg4 12. 0-0 Nc6 13. Nf5 Bxc3 14. bxc3 Qa5 15. Qxg4 f6 16. Qf3 Ne5 17. Bxe5 Qxe5 18. h3 Bd7 19. Rfe1 Rc8 20. Re3 Rc7 21. Rd1 Be6 22. a4 Kf7 23. Rb1 Qf4 24. Qxf4 gxf4 25. Rf3 Bd7 26. Rxf4 Bxa4 27. Ne3 Bc6 28. c4 a5 29. Ra1 a4 30. Kf1 b5 31. cxb5 Bxb5+ 32. Ke1 Bd7 33. Ra3 Rb7 34. Kd2 Rb1 35. Nd5 Rg1 36. g4 Rb8 37. Rc3 Rb7 38. Rff3 Be6 39. Ke2 Bd7 40. Rg3 Rh1 41. Rgf3 Rg1 42. Kd2 Be6 43. Rfe3 Rh1 44. Ra3 Bd7 45. Re1 Rh2 46. Rf3 Bc6 47. Rg1 Ke6 48. Ra1 Rb2 49. Kd3 Ke5 50. Rd1 Rb7 51. Ke3 a3 52. Ra1 Ra7 53. Rf5+ Ke6 54. Rh5 a2 55. Kf3 Ra3+ 56. c3 Bxd5 57. exd5+ Kd7 58. Kg3 Rh1 59. Rxh1 a1Q 60. Rxa1 Rxa1 61. Rf5 Rg1+ 62. Kh2 Rd1 63. h4 Ke8 64. g5 Kf7 65. h5 Kg7 66. g6 Kh6 67. Kg2 Kg7 68. c4 Rd4 69. Rf3 Rxc4 70. Rg3 Rh4 71. Rh3 Rg4+ 72. Kf3 Rc4 73. Rh2 Kh6 74. Rg2 Rc8 75. g7 Rg8 76. Ke4 1-0

[Event "BI-2014-P-0027"]
[Site "LSS email"]
[Date "2014.04.19"]
[Round "?"]
[White "Moreira, Carlos Alberto Lima"]
[Black "Kolanek, Roman"]
[Result "0-1"]
[WhiteElo "1677"]
[BlackElo "1934"]
[PlyCount "114"]
[EventDate "2014.04.25"]
[EventType "tourn (corr)"]
[EventRounds "10"]
[EventCountry "GER"]
[SourceTitle "Corr 2015"]
[Source "ChessBase"]
[SourceDate "2015.07.17"]
[SourceVersion "1"]
[SourceVersionDate "2015.07.17"]
[SourceQuality "1"]

1. e4 c5 2. Nf3 d6 3. d4 cxd4 4. Nxd4 Nf6 5. Nc3 a6 6. h3 e5 7. Nde2 Be6 8. g4 Be7 9. Bg2 0-0 10. Be3 b5 11. Ng3 Nbd7 12. Nf5 Nc5 13. g5 Nfd7 14. Qd2 Rb8 15. b3 b4 16. Nd5 Bxd5 17. exd5 Re8 18. 0-0 Bf8 19. a3 a5 20. axb4 axb4 21. Ra7 g6 22. Nh6+ Bxh6 23. gxh6 Re7 24. Qe2 f6 25. h4 Rf7 26. Rfa1 f5 27. Bg5 Qb6 28. R7a5 Nf6 29. Be3 e4 30. Qc4 Ng4 31. Bxc5 dxc5 32. Ra8 Nxh6 33. R1a6 Qb7 34. Rxb8+ Qxb8 35. Qxc5 Qe5 36. Qxb4 Ng4 37. d6 Kg7 38. Qe1 Rf6 39. Qb4 Kh6 40. Qe1 Qh2+ 41. Kf1 e3 42. f3 Re6 43. Qe2 Nf2 44. d7 Nh3 45. Ke1 Qg3+ 46. Kd1 Rxa6 47. Qxa6 Qxg2 48. Qe2 Qh1+ 49. Qe1 Qxf3+ 50. Kc1 Qf2 51. Qxf2 exf2 52. d8Q f1Q+ 53. Qd1 Qxd1+ 54. Kxd1 Kh5 55. b4 Nf4 56. Kd2 Kxh4 57. b5 Ne6 0-1

[Event "BI-2014-P-0027"]
[Site "LSS email"]
[Date "2014.04.19"]
[Round "?"]
[White "Moreira, Carlos Alberto Lima"]
[Black "Molina, Vicente Andres"]
[Result "1-0"]
[WhiteElo "1677"]
[BlackElo "759"]
[PlyCount "57"]
[EventDate "2014.04.25"]
[EventType "tourn (corr)"]
[EventRounds "10"]
[EventCountry "GER"]
[SourceTitle "Corr 2015"]
[Source "ChessBase"]
[SourceDate "2015.07.17"]
[SourceVersion "1"]
[SourceVersionDate "2015.07.17"]
[SourceQuality "1"]

1. d4 d5 2. c4 e6 3. Nf3 Nf6 4. g3 c6 5. Bg2 Bb4+ 6. Bd2 Be7 7. 0-0 Nbd7 8. Qc2 0-0 9. Rd1 b6 10. Bf4 h6 11. Nbd2 Nh5 12. Be3 Ba6 13. Ne5 Nxe5 14. dxe5 g5 15. b3 Qc7 16. cxd5 Qxe5 17. Nf3 Qc7 18. dxe6 f5 19. Rd7 Qxd7 20. exd7 Rad8 21. Rd1 Nf6 22. Qxf5 Kg7 23. Ne5 Nd5 24. Qg6+ Kh8 25. Be4 Nf6 26. Bd4 Bxe2 27. Qh7+ Nxh7 28. Nf7+ Kg8 29. Nxh6# 1-0

[Event "RC-2014-0-00141"]
[Site "LSS email"]
[Date "2014.02.21"]
[Round "?"]
[White "Moreira, Carlos Alberto Lima"]
[Black "Khabarov, Valerij"]
[Result "0-1"]
[WhiteElo "1716"]
[BlackElo "1797"]
[PlyCount "114"]
[EventDate "2014.01.04"]
[EventType "tourn (corr)"]
[EventRounds "6"]
[EventCountry "GER"]
[SourceTitle "Telechess CBM 167"]
[Source "ChessBase"]
[SourceDate "2015.07.13"]
[SourceVersion "1"]
[SourceVersionDate "2015.07.13"]
[SourceQuality "1"]

1. d4 d5 2. c4 c6 3. Nf3 Nf6 4. Nc3 e6 5. Bg5 h6 6. Bxf6 Qxf6 7. e3 Nd7 8. Be2 Bd6 9. 0-0 Qe7 10. Rc1 0-0 11. Qc2 Rd8 12. Rfe1 dxc4 13. Bxc4 b6 14. Ne4 Bb7 15. Nxd6 Qxd6 16. Qe2 c5 17. Red1 Qe7 18. Bb5 a6 19. Bxd7 Rxd7 20. Ne5 Rd5 21. Qg4 Rad8 22. h4 cxd4 23. exd4 b5 24. Rc3 f6 25. Nc6 Bxc6 26. Rxc6 R8d6 27. Rxd6 Qxd6 28. g3 Qd7 29. Kf1 f5 30. Qg6 Kf8 31. b3 Rd6 32. Qh7 Rxd4 33. Rxd4 Qxd4 34. Qh8+ Ke7 35. Qc8 Qd1+ 36. Kg2 Qd5+ 37. Kg1 Qd6 38. h5 b4 39. Qg8 Kf6 40. Qe8 Qe7 41. Qg6+ Ke5 42. Qh7 Qd7 43. Qg8 a5 44. Qf8 Kd4 45. Qb8 Kd3 46. Qb6 Kc2 47. Qxa5 Qd1+ 48. Kh2 Qd4 49. Kg1 Kb2 50. Qa6 e5 51. Kg2 e4 52. Qe2+ Ka1 53. g4 f4 54. Qc4 f3+ 55. Kg3 Qd6+ 56. Kh3 Qd2 57. Kg3 Qe1 0-1

[Event "SC-2014-0-00216"]
[Site "LSS email"]
[Date "2014.02.14"]
[Round "?"]
[White "Billio, Maria"]
[Black "Moreira, Carlos Alberto Lima"]
[Result "1/2-1/2"]
[WhiteElo "1767"]
[BlackElo "1677"]
[PlyCount "108"]
[EventDate "2014.01.25"]
[EventType "tourn (corr)"]
[EventRounds "6"]
[EventCountry "GER"]
[SourceTitle "Corr 2015"]
[Source "ChessBase"]
[SourceDate "2015.07.17"]
[SourceVersion "1"]
[SourceVersionDate "2015.07.17"]
[SourceQuality "1"]

1. d4 Nf6 2. Bg5 d5 3. Bxf6 exf6 4. e3 Bd6 5. a3 0-0 6. c4 dxc4 7. Bxc4 Nd7 8. Qc2 g6 9. h4 Nb6 10. h5 Nxc4 11. Qxc4 Be6 12. Qd3 c5 13. hxg6 fxg6 14. Qe4 Re8 15. dxc5 Bxc5 16. Nc3 Qe7 17. Rd1 Qf7 18. Qh4 Bb3 19. Rc1 Re5 20. g4 Qe7 21. Kf1 Rd8 22. Nf3 Re6 23. Rh3 b6 24. Kg2 Qb7 25. e4 Rd7 26. Qh6 Re8 27. Qh4 Rf8 28. Re1 a5 29. Re2 Be6 30. Rh1 b5 31. Rc1 Rd3 32. Ne1 g5 33. Qh1 Rd4 34. Nf3 Rd6 35. Kg1 Bxg4 36. Nd5 Rc8 37. Ree1 Kg7 38. Qg2 h5 39. Nh2 Bf5 40. b4 axb4 41. axb4 Ba7 42. Nf1 Kh6 43. Nfe3 Bxe3 44. Nxe3 Bg6 45. Ng4+ Kg7 46. Rxc8 Qxc8 47. e5 fxe5 48. Nxe5 Kh6 49. Nxg6 Kxg6 50. Qe4+ Kh6 51. Qf3 Rg6 52. Re5 h4 53. Rxb5 Qe6 54. Qf5 Qxf5 1/2-1/2

[Event "SC-2014-0-00216"]
[Site "LSS email"]
[Date "2014.02.14"]
[Round "?"]
[White "Lombart, Philippe"]
[Black "Moreira, Carlos Alberto Lima"]
[Result "0-1"]
[WhiteElo "1610"]
[BlackElo "1677"]
[PlyCount "60"]
[EventDate "2014.01.25"]
[EventType "tourn (corr)"]
[EventRounds "6"]
[EventCountry "GER"]
[SourceTitle "Corr 2015"]
[Source "ChessBase"]
[SourceDate "2015.07.17"]
[SourceVersion "1"]
[SourceVersionDate "2015.07.17"]
[SourceQuality "1"]

1. d4 Nf6 2. c4 e6 3. Nc3 Bb4 4. Qc2 0-0 5. a3 Bxc3+ 6. Qxc3 d5 7. Bg5 dxc4 8. Nf3 b5 9. g3 a6 10. Bg2 Bb7 11. 0-0 Nbd7 12. Rad1 h6 13. Bxf6 Nxf6 14. Ne5 Bxg2 15. Kxg2 Qd6 16. Rfe1 Rfd8 17. e4 c5 18. dxc5 Qxc5 19. Rxd8+ Rxd8 20. b4 Qd4 21. Qxd4 Rxd4 22. Kf3 g5 23. h3 Nd7 24. Nxd7 Rxd7 25. Re3 Rd2 26. e5 Rb2 27. g4 Kg7 28. Kg3 f5 29. exf6+ Kxf6 30. f4 Rb3 0-1

[Event "SC-2014-0-00216"]
[Site "LSS email"]
[Date "2014.02.14"]
[Round "?"]
[White "Moreira, Carlos Alberto Lima"]
[Black "Schulz, Hans Juergen"]
[Result "1-0"]
[WhiteElo "1677"]
[BlackElo "1605"]
[PlyCount "69"]
[EventDate "2014.01.25"]
[EventType "tourn (corr)"]
[EventRounds "6"]
[EventCountry "GER"]
[SourceTitle "Corr 2015"]
[Source "ChessBase"]
[SourceDate "2015.07.17"]
[SourceVersion "1"]
[SourceVersionDate "2015.07.17"]
[SourceQuality "1"]

1. d4 d5 2. c4 c6 3. Nf3 Nf6 4. Nc3 e6 5. g3 dxc4 6. Bg2 Nbd7 7. 0-0 b5 8. e4 Bb7 9. e5 Nd5 10. Ng5 Nxc3 11. bxc3 Be7 12. a4 b4 13. Ne4 a5 14. Qg4 Kf8 15. f4 h5 16. Qe2 c5 17. Be3 cxd4 18. Bxd4 Bd5 19. f5 Rh6 20. Rad1 exf5 21. Be3 Be6 22. Bxh6 fxe4 23. Be3 Qe8 24. Qxh5 Kg8 25. Bxe4 g6 26. Qe2 Rc8 27. Bb7 Rc7 28. Be4 Nc5 29. Bd5 Bxd5 30. Rxd5 Nxa4 31. Rxa5 Nxc3 32. Qf3 Bd8 33. Bb6 Rd7 34. Bxd8 Rxd8 35. Ra7 1-0

[Event "RC-2013-0-00140"]
[Site "LSS email"]
[Date "2014.02.12"]
[Round "?"]
[White "Billio, Maria"]
[Black "Moreira, Carlos Alberto Lima"]
[Result "0-1"]
[WhiteElo "1764"]
[BlackElo "1668"]
[PlyCount "138"]
[EventDate "2013.12.26"]
[EventType "tourn (corr)"]
[EventRounds "6"]
[EventCountry "GER"]
[SourceTitle "Corr 2015"]
[Source "ChessBase"]
[SourceDate "2015.07.17"]
[SourceVersion "1"]
[SourceVersionDate "2015.07.17"]
[SourceQuality "1"]

1. d4 Nf6 2. Bg5 Ne4 3. Bf4 d5 4. e3 e6 5. Bd3 Bd6 6. Qg4 0-0 7. Bxe4 dxe4 8. Qg3 f5 9. Ne2 Qe7 10. Nbc3 a6 11. h4 Nd7 12. h5 b5 13. a3 Rb8 14. h6 g6 15. Bg5 Nf6 16. Qh4 Bb7 17. Rg1 Qf7 18. 0-0-0 Ba8 19. Bxf6 Qxf6 20. Qxf6 Rxf6 21. Rh1 Kf7 22. Kb1 g5 23. d5 Kg6 24. dxe6 Rxe6 25. Na2 a5 26. Nd4 Rf6 27. Nc1 f4 28. Na2 fxe3 29. fxe3 c5 30. Ne2 Be5 31. Nac1 a4 32. Rd7 Rf7 33. Rxf7 Kxf7 34. Rd1 Kg6 35. Rd7 Kxh6 36. Re7 Bf6 37. Rc7 b4 38. axb4 cxb4 39. Ra7 a3 40. Ra6 Kg6 41. bxa3 bxa3+ 42. Nb3 Bd5 43. Rxa3 Bc4 44. Ng3 Rb4 45. Kc1 Be5 46. Nh1 h5 47. Ra5 Bc7 48. Rc5 Bb6 49. Rc6+ Kf5 50. Kd2 Bxb3 51. cxb3 Rxb3 52. Ng3+ Ke5 53. Nf1 Rb2+ 54. Rc2 Ba5+ 55. Kc1 Rxc2+ 56. Kxc2 h4 57. Kd1 Bc7 58. Ke2 Kd5 59. Nd2 Be5 60. Nb1 g4 61. Na3 Bf6 62. Nb1 Bb2 63. Kf2 Kc4 64. g3 Kd3 65. gxh4 Bc1 66. Kg3 Bxe3 67. h5 Bc5 68. h6 e3 69. h7 Bd4 0-1

[Event "RC-2013-0-00140"]
[Site "LSS email"]
[Date "2014.02.12"]
[Round "?"]
[White "Moreira, Carlos Alberto Lima"]
[Black "Le Duigou, Jean Guy"]
[Result "1/2-1/2"]
[WhiteElo "1668"]
[BlackElo "1696"]
[PlyCount "90"]
[EventDate "2013.12.26"]
[EventType "tourn (corr)"]
[EventRounds "6"]
[EventCountry "GER"]
[SourceTitle "Corr 2015"]
[Source "ChessBase"]
[SourceDate "2015.07.17"]
[SourceVersion "1"]
[SourceVersionDate "2015.07.17"]
[SourceQuality "1"]

1. e4 e5 2. Nf3 Nc6 3. Bb5 a6 4. Bxc6 dxc6 5. 0-0 Qd6 6. d4 exd4 7. Qxd4 Qxd4 8. Nxd4 Bd7 9. Be3 0-0-0 10. Nc3 Nf6 11. f3 Bb4 12. Nde2 Rhe8 13. a3 Be7 14. Rad1 h6 15. Nf4 b6 16. b4 Kb7 17. Nce2 g5 18. Nd3 Bc8 19. Kf2 h5 20. h3 g4 21. hxg4 hxg4 22. Rh1 gxf3 23. gxf3 Rh8 24. Nd4 Rxh1 25. Rxh1 Bf8 26. c4 Bg7 27. e5 Ne8 28. Rh4 Rd7 29. Rh5 Rd8 30. c5 Rd5 31. f4 f6 32. Kf3 Ka8 33. Bg1 bxc5 34. bxc5 a5 35. Ke4 Ba6 36. Rh3 Bxd3+ 37. Kxd3 fxe5 38. fxe5 Bxe5 39. Kc4 Bxd4 40. Bxd4 Rd7 41. Bc3 Kb7 42. Re3 Ng7 43. Bxa5 Nf5 44. Re4 Ne7 45. a4 Nd5 1/2-1/2

[Event "RC-2013-0-00140"]
[Site "LSS email"]
[Date "2014.02.12"]
[Round "?"]
[White "Moreira, Carlos Alberto Lima"]
[Black "Somogyi, Gabor"]
[Result "1/2-1/2"]
[WhiteElo "1668"]
[BlackElo "1844"]
[PlyCount "177"]
[EventDate "2013.12.26"]
[EventType "tourn (corr)"]
[EventRounds "6"]
[EventCountry "GER"]
[SourceTitle "Corr 2015"]
[Source "ChessBase"]
[SourceDate "2015.07.17"]
[SourceVersion "1"]
[SourceVersionDate "2015.07.17"]
[SourceQuality "1"]

1. e4 c6 2. d4 d5 3. Nd2 dxe4 4. Nxe4 Nd7 5. Ng5 Ngf6 6. Bd3 g6 7. N1f3 Bg7 8. h3 0-0 9. 0-0 h6 10. Ne4 Nxe4 11. Bxe4 c5 12. Be3 Nf6 13. Bd3 Nd5 14. c3 Nxe3 15. fxe3 Be6 16. dxc5 Qd5 17. Nd4 Qxc5 18. Kh1 Bd5 19. e4 Bc4 20. Bxc4 Qxc4 21. Qb3 Qc7 22. Rad1 a6 23. Qc2 Rac8 24. a3 b5 25. Nf3 a5 26. Qb3 b4 27. axb4 axb4 28. Qxb4 Rb8 29. Qa3 Ra8 30. Qb3 Rfb8 31. Qd5 e6 32. Qd2 Ra2 33. Rf2 Raxb2 34. Qxb2 Rxb2 35. Rxb2 Bxc3 36. Rc1 Qa7 37. Rbc2 Bb4 38. Rc4 Ba5 39. Ne5 Qa6 40. R4c2 g5 41. Nc4 Bb4 42. e5 Kg7 43. Rf1 h5 44. Rcc1 Be7 45. Kh2 g4 46. hxg4 Bg5 47. Rc2 Qa4 48. Rff2 h4 49. g3 Qb3 50. gxh4 Bxh4 51. Rfe2 Qg3+ 52. Kh1 Bg5 53. Rf2 f6 54. exf6+ Bxf6 55. Rxf6 Kxf6 56. Rg2 Qd3 57. g5+ Kg7 58. Nd2 e5 59. g6 e4 60. Nxe4 Qxe4 61. Kg1 Qf3 62. Kh2 Qf1 63. Rg1 Qf4+ 64. Rg3 Qf2+ 65. Rg2 Qe3 66. Kh1 Qe1+ 67. Kh2 Qd1 68. Rg3 Qe2+ 69. Rg2 Qe1 70. Rg3 Qe5 71. Kg2 Qe1 72. Kh2 Qe4 73. Rg2 Qd4 74. Kh1 Qc5 75. Kh2 Qf5 76. Rg3 Qh5+ 77. Kg1 Qh4 78. Rg2 Qh3 79. Kf2 Qh1 80. Rg1 Qe4 81. Rg2 Qb1 82. Rg3 Qc2+ 83. Kf1 Qd2 84. Kg1 Qb2 85. Rg2 Qc1+ 86. Kh2 Qf1 87. Rg1 Qf4+ 88. Rg3 Qf2+ 89. Rg2 1/2-1/2

[Event "WC-2018-P-00007"]
[Site "LSS email"]
[Date "2014.02.03"]
[Round "?"]
[White "Moreira, Carlos Alberto Lima"]
[Black "Herzog, Klaus"]
[Result "1-0"]
[WhiteElo "1668"]
[BlackElo "1828"]
[PlyCount "57"]
[EventDate "2014.02.10"]
[EventType "tourn (corr)"]
[EventRounds "12"]
[EventCountry "GER"]
[SourceTitle "Corr 2015"]
[Source "ChessBase"]
[SourceDate "2015.07.17"]
[SourceVersion "1"]
[SourceVersionDate "2015.07.17"]
[SourceQuality "1"]

1. e4 e5 2. Nf3 Nc6 3. Nc3 Nf6 4. d4 exd4 5. Nxd4 Bb4 6. Nxc6 bxc6 7. Bd3 d5 8. exd5 cxd5 9. 0-0 0-0 10. h3 Rb8 11. Qf3 h6 12. a3 Bd6 13. Nb5 Re8 14. Nxd6 Qxd6 15. b4 Ba6 16. Bf4 Qc6 17. Be3 Ra8 18. Bd4 Ne4 19. Qg4 Ng5 20. Rac1 Bxd3 21. cxd3 Qg6 22. f4 Ne6 23. Qxg6 fxg6 24. Be5 Re7 25. g4 a5 26. b5 Rae8 27. d4 a4 28. f5 gxf5 29. gxf5 1-0